[Event "CZE-ch Open 2018"]
[Site "Ostrava"]
[Date "2018.05.06"]
[Round "9"]
[White "Jansa, Vlastimil"]
[Black "Cerveny, Petr"]
[Result "1-0"]
[WhiteElo "2450"]
[BlackElo "2315"]
[Annotator "TA"]
[PlyCount "128"]
[EventDate "2018.??.??"]
[EventCountry "CZE"]
[SourceTitle "playchess.com"]
[Source "ChessBase"]
[SourceQuality "1"]

{[%evp 25,128,0,4,0,0,-8,-8,-17,0,0,181,181,200,197,182,22,37,35,30,21,29,25,36,22,30,27,33,21,21,36,92,41,37,0,0,0,0,0,0,0,0,0,0,0,0,0,0,-7,0,0,80,80,84,89,99,128,142,78,952,904,1236,1231,1220,1232,1214,1170,1170,1163,1230,1105,1156,1109,1079,1103,1007,1068,1144,1102,1126,1093,847,242,938,1091,1145,1126,845,843,1126,1119,1111,1111,1111,1095,1055,982,1148,956,1148,1113,994,970,911,717,669]} 1. e4 e6 2. d4 d5 3. Nd2 c5 4. Ngf3 cxd4 5. exd5 Qxd5 6. Bc4 Qd6 7. O-O Nf6 8. Nb3 Nc6 9. Nbxd4 Nxd4 10. Nxd4 a6 11. Re1 Qc7 12. Qe2 h6 {C07: French Tarrasch: 3...c5, 4 Ngf3 and 4 exd5 Qxd5} 13. g3 b5 {LiveBook: 6 Games} 14. Bb3 Bc5 {The position is equal.} 15. c3 $146 ({Predecessor:} 15. Bf4 Qb6 16. c3 Bb7 17. Be5 Bxd4 18. Bxd4 Qc6 19. f3 Qxf3 20. Qxf3 Bxf3 {½-½ (54) Preotu,R (2468)-Lenderman,A (2623) Manchester 2016}) 15... O-O 16. Bf4 Qb6 17. Be5 Bb7 $2 (17... Nd7 $11) 18. Bxf6 $1 $18 gxf6 19. Qg4+ Kh7 {[#]} 20. Qf4 $2 (20. Nxe6 $1 $18 {[%mdl 512]} fxe6 21. Rxe6) 20... Bxd4 $1 $11 21. cxd4 Kg7 $1 ({Not} 21... Qc6 $2 22. d5 $18) 22. Qg4+ Kh8 23. Rac1 Rac8 24. Rxc8 Bxc8 25. Qf4 Kg7 $1 26. Rc1 Bb7 27. Rc5 f5 (27... Rc8 $14) 28. Qe5+ ({White should try} 28. Qc7 $16 Qxc7 29. Rxc7) 28... Kg8 $14 29. g4 fxg4 30. Qf4 $40 {[%mdl 128] White is up to no good.} Rc8 $1 {[%cal Rc8c5]} 31. Qxg4+ Kf8 32. Rxc8+ Bxc8 33. d5 Qc5 34. Qf4 Kg7 $1 35. Qe5+ Kg8 36. Qf6 Qc1+ 37. Kg2 {[%cal Rd5e6]} exd5 (37... Bb7 $11 {remains equal.}) 38. Bxd5 $16 Qg5+ 39. Qxg5+ hxg5 {[%mdl 4096] Endgame KB-KB} 40. f4 $1 gxf4 {[#]} 41. Kf3 (41. b4 $142 $1) 41... Kg7 $2 {[%mdl 8192] [#]} (41... b4 $16) 42. b4 $1 $18 f6 43. Kxf4 Kg6 44. Bf3 Kh6 45. h4 Kg6 46. a3 Kh6 47. Bg4 Bb7 48. Bd7 Kg6 49. Be8+ Kg7 50. Kf5 Bc8+ 51. Ke4 Bb7+ 52. Kd4 Kh6 53. Bf7 $2 (53. Kc5 f5 54. Kb6) 53... Kg7 $2 (53... Bc8 54. Kd5 f5) 54. Bd5 {White is clearly winning.} Bc8 55. Bf3 Kg6 56. Kc5 f5 57. Kd6 Kf6 58. Kc7 Be6 59. Kb7 Ke5 60. Kxa6 Bc4 61. Kb6 Kd4 62. h5 {[%cal Bh4h5,Bh5h6][%mdl 32]} f4 63. h6 {aiming for h7.} Bd3 {[#]} 64. Be2 $1 {[%mdl 512] Strongly threatening Bxd3.} Bh7 {Precision: White = 63%, Black = 50%.} (64... Bxe2 65. h7) 1-0

[Event "CZE-ch Open 2018"]
[Site "Ostrava"]
[Date "2018.05.06"]
[Round "9"]
[White "Neuman, Petr"]
[Black "Haba, Petr"]
[Result "1/2-1/2"]
[WhiteElo "2443"]
[BlackElo "2454"]
[Annotator "TA"]
[PlyCount "24"]
[EventDate "2018.??.??"]
[EventCountry "CZE"]
[SourceTitle "playchess.com"]
[Source "ChessBase"]
[SourceQuality "1"]

{[%evp 13,15,-2,0,-4]} 1. d4 Nf6 2. Bg5 e6 3. c3 h6 4. Bh4 c5 5. e3 b6 6. Nd2 Be7 7. Ngf3 O-O {LiveBook: 18 Games. A46: 1 d4 Nf6 2 Nf3 e6: Torre, London and Colle Systems} 8. Bd3 {Predecessor:} cxd4 $146 9. cxd4 Ba6 10. Bxa6 Nxa6 11. O-O Nb4 12. Qa4 Na6 {½-½ (12) Haba,P (2525)-Hracek,Z (2600) Karlovy Vary 2005} 1/2-1/2

[Event "CZE-ch Open 2018"]
[Site "Ostrava"]
[Date "2018.05.06"]
[Round "9"]
[White "Kraus, Tomas"]
[Black "Biolek, Richard"]
[Result "0-1"]
[WhiteElo "2429"]
[BlackElo "2447"]
[Annotator "TA"]
[PlyCount "64"]
[EventDate "2018.??.??"]
[EventCountry "CZE"]
[SourceTitle "playchess.com"]
[Source "ChessBase"]
[SourceQuality "1"]

{[%evp 22,64,11,15,69,66,82,87,91,73,123,113,124,129,147,102,279,271,343,332,324,209,353,347,358,354,320,146,154,133,105,92,85,85,85,86,93,0,0,-123,-64,-194,-186,-29998,-29999]} 1. c4 Nf6 2. Nc3 g6 3. e4 d6 4. d4 {[%cal Bd2d4,Bd4d5][%mdl 32]} Bg7 5. Bd3 O-O 6. Nge2 Nc6 7. O-O e5 8. d5 Nd4 9. Nxd4 exd4 10. Ne2 Re8 11. f3 c5 12. Bg5 {LiveBook: 31 Games} b5 {E70: King's Indian: Miscellaneous lines with 4 e4, including 5 Nge2 and 5 Bd3 0-0 6 Nge2} (12... h6 $11 13. Bh4 b6) 13. cxb5 $14 a6 14. a4 {[#]} axb5 $146 {White is better.} ({Predecessor:} 14... Qc7 15. Qc2 Nd7 16. Bf4 axb5 17. axb5 Rb8 18. b4 Qb6 19. Rfc1 Bb7 20. Qd2 {1-0 (44) Ivanchuk,V (2728)-Kazhgaleyev,M (2576) Tbilisi 2017}) 15. Bxb5 Re5 16. Bf4 Re7 17. b4 $36 {[%cal Bb2b4,Bb4b5][%mdl 2080] White has strong initiative.} Ba6 {Hoping for ...Bxb5.} 18. Bc6 Bb7 $2 (18... cxb4 $16 19. Bxa8 Qxa8) 19. b5 $1 $18 Bxc6 20. dxc6 ({Less strong is} 20. bxc6 Rea7 $16) 20... d5 21. e5 Nh5 (21... Ne8 {might work better.} 22. Bg5 f6) 22. Bg5 Bxe5 23. Bxe7 Qxe7 24. Kh1 (24. b6 $18 {is the precise move to win.}) 24... Bc7 $16 25. a5 Rxa5 26. Rxa5 Bxa5 27. Nxd4 cxd4 28. Qxd4 Qd8 {[#]} 29. Ra1 (29. Rc1 $1 $16) 29... Bb6 $11 30. Qa4 (30. Qe5 $11) 30... Qd6 (30... Kg7 $17) 31. Qa3 {[#]} (31. g3 $15) 31... Qe5 $1 $19 {( -> ...Ng3+!)} 32. Rd1 $2 {[#]} (32. g3 $19) 32... Ng3+ $1 {[%mdl 512] Precision: White = 24%, Black = 52%.} 0-1

[Event "CZE-ch Open 2018"]
[Site "Ostrava"]
[Date "2018.05.06"]
[Round "9"]
[White "Vykouk, Jan"]
[Black "Riha, Vojtech"]
[Result "1-0"]
[WhiteElo "2426"]
[BlackElo "2141"]
[Annotator "TA"]
[PlyCount "129"]
[EventDate "2018.??.??"]
[EventCountry "CZE"]
[SourceTitle "playchess.com"]
[Source "ChessBase"]
[SourceQuality "1"]

{[%evp 24,129,71,69,64,54,57,16,10,0,0,-8,-8,-8,-7,-17,-14,-14,-4,0,158,122,129,121,255,267,248,274,279,256,323,335,321,242,244,154,280,280,278,262,291,281,408,396,443,443,439,439,439,411,429,397,377,245,245,245,245,245,245,241,255,255,255,255,256,256,256,256,256,247,317,255,1052,706,687,699,666,650,29974,468,605,593,557,548,1516,1516,598,598,5837,5768,1787,1745,5506,5346,29951,29952,29968,29967,9022,5539,29968,29971,29974,29975,29976,29971,29992,29977]} 1. e4 c5 2. Nf3 Nc6 3. d4 cxd4 4. Nxd4 Nf6 5. Nc3 e5 6. Ndb5 d6 7. Bg5 a6 8. Na3 b5 9. Nd5 Be7 10. Bxf6 Bxf6 11. c4 {[%cal Bc2c4,Bc4b5][%mdl 32]} O-O {B33: Sicilian: Pelikan and Sveshnikov Variations} (11... b4 12. Nc2 O-O 13. g3 Bg5 14. Bg2 a5 15. O-O Ne7 16. Nce3 Bxe3 17. Nxe3 Be6 18. Rc1 Nc6 19. Nf5 {1-0 (54) Harikrishna,P (2744)-Yu,Y (2751) Huaian 2017}) 12. cxb5 Nd4 13. bxa6 {LiveBook: 17 Games} Be6 {White is slightly better.} 14. Bc4 Bxd5 $1 15. exd5 $146 ({Predecessor:} 15. Bxd5 Qa5+ 16. Kf1 Qxa6+ 17. Nc4 Rab8 18. b3 Kh8 19. g3 {1-0 (32) Sukhodolsky,A (2486)-Rost,D (2499) ICCF email 2009}) 15... Qa5+ 16. Qd2 Rxa6 17. Qxa5 Rxa5 18. O-O Rb8 19. Rab1 g6 20. Rfd1 Rc8 {White must now prevent ...Rxa3!} 21. Bf1 Rxd5 $2 (21... Be7 $11) 22. Nc4 {And now Nb6 would win.} Rb8 23. b4 {[%cal Bb2b4,Bb4b5][%mdl 32] Strongly threatening Ne3.} e4 (23... Rdb5 $16 {keeps fighting.}) 24. a4 $18 {[%cal Ba2a4,Ba4a5,Ba5a6,Ba6a7][%mdl 32]} Kg7 25. b5 Rh5 26. h3 d5 27. Ne3 Rg5 28. Kh1 Nf5 29. a5 d4 (29... Nxe3 $16 30. fxe3 Bd8) 30. Nxf5+ Rxf5 {[#]} 31. a6 $1 {[%cal Ra6a7]} d3 32. a7 Re8 (32... Rf8 $142 33. Rb4 Bh4 34. Bxd3 (34. Rxe4 Bxf2 35. Bxd3 Rd5 $14) 34... exd3) 33. Rb4 ({Not} 33. b6 Bd4 $18) 33... Rxf2 {[#]} 34. Rxe4 $1 {[%mdl 512]} Ra8 (34... Rxe4 35. a8=Q) 35. Ra4 Bd8 36. Bxd3 Bb6 37. Rda1 Rb2 38. Be4 Rxa7 39. Rxa7 Bxa7 40. Rxa7 Rxb5 {[%mdl 4096] Endgame KRB-KR} 41. Kh2 h6 42. Kg3 Rb3+ 43. Kf4 {Threatens to win with Rxf7+!} Rb4 44. Ke5 {aiming for Bd5.} Rb2 45. Bd5 Rf2 46. Kd6 g5 47. Ke7 f5 $2 (47... Rf5) 48. Ra2 Rf1 49. Ra8 Re1+ 50. Be6 f4 51. Kd6 (51. Rg8+ $142 Kh7 52. Kf7 Rxe6 53. Rg7+ Kh8 54. Rg6 Rxg6 55. Kxg6 Kg8 56. Kxh6) 51... Re2 52. Ra2 Re1 53. Bg4 Kf6 54. Kd5 Re5+ 55. Kd4 {Threatening mate with Ra6+.} Re3 56. Ra6+ Kg7 57. Bf5 Re2 58. Be4 Rd2+ 59. Ke5 Rb2 60. Rg6+ Kf7 61. Rxh6 Rb5+ 62. Bd5+ {White mates.} Kg7 63. Rd6 Rb2 64. Kf5 Rf2 65. Kxg5 {Precision: White = 81%, Black = 30%.} 1-0

[Event "CZE-ch Open 2018"]
[Site "Ostrava"]
[Date "2018.05.06"]
[Round "9"]
[White "Zwardon, Vojtech"]
[Black "Cvek, Robert"]
[Result "1/2-1/2"]
[WhiteElo "2409"]
[BlackElo "2505"]
[Annotator "TA"]
[PlyCount "56"]
[EventDate "2018.??.??"]
[EventCountry "CZE"]
[SourceTitle "playchess.com"]
[Source "ChessBase"]
[SourceQuality "1"]

{[%evp 24,56,0,0,6,0,11,-15,-17,-8,-9,-57,-52,-56,-62,-53,-56,-61,-54,-56,-10,-10,-9,-11,0,0,0,0,0,0,0,0,0,0,0]} 1. c4 e6 2. Nc3 d5 3. d4 Be7 4. Nf3 Nf6 5. Bg5 Nbd7 6. e3 O-O 7. Bd3 dxc4 8. Bxc4 a6 9. a4 c5 10. O-O cxd4 11. Qxd4 {D60: Queen's Gambit Declined: Classical: Unusual White 7th moves} (11. exd4 Nb6 12. Bb3 Bd7 13. Ne5 Bc6 14. Re1 Nbd5 15. Rc1 Rc8 16. Qd3 Qd6 17. Qh3 Rfd8 18. Bxf6 Bxf6 19. Ne4 Qe7 {½-½ (19) Iturrizaga Bonelli,E (2614)-Bruzon Batista,L (2653) Barbera del Valles 2010}) 11... Nb6 12. Bb3 Qxd4 13. Nxd4 {LiveBook: 4 Games} Bd7 (13... h6 14. Bh4 Bd7 15. a5 Nc8 16. Rfd1 Rd8 17. e4 g5 18. Bg3 Na7 {0-1 (43) Zwardon,V (2383)-Cvek,R (2517) Czechia 2014}) 14. a5 Nc8 15. Nf3 $146 ({Predecessor:} 15. e4 h6 16. Bf4 Na7 17. e5 Nh7 18. Rfd1 Rfd8 {½-½ (35) Halay,T (2366)-Marentek,H (2232) Jakarta 2012}) 15... Rd8 16. Ne5 Be8 17. Na4 h6 18. Bh4 g5 19. Bg3 Ne4 {...Nd2 is the strong threat.} 20. Nc4 Nxg3 21. hxg3 Bxa4 22. Bxa4 {The position is equal.} Rb8 23. Rfd1 Rxd1+ 24. Rxd1 b5 25. axb6 $1 Nxb6 26. Nxb6 Rxb6 27. b3 Rd6 28. Rxd6 Bxd6 {Precision: White = 48%, Black = 76%.} 1/2-1/2

[Event "CZE-ch Open 2018"]
[Site "Ostrava"]
[Date "2018.05.06"]
[Round "9"]
[White "Konopka, Michal"]
[Black "Miesbauer, Jan"]
[Result "1/2-1/2"]
[WhiteElo "2373"]
[BlackElo "2261"]
[Annotator "NA"]
[PlyCount "80"]
[EventDate "2018.??.??"]
[EventCountry "CZE"]
[SourceTitle "playchess.com"]
[Source "ChessBase"]
[SourceQuality "1"]
[TimeControl "40/5400+30:900+30"]

1. d4 {[%emt 0:00:00]} Nf6 {[%emt 0:00:25]} 2. Nf3 {[%emt 0:00:36]} e6 {[%emt 0:01:00]} 3. g3 {[%emt 0:02:41]} b6 {[%emt 0:00:58]} 4. Bg2 {[%emt 0:00:17]} Bb7 {[%emt 0:00:05]} 5. O-O {[%emt 0:00:16]} Be7 {[%emt 0:00:23]} 6. c4 {[%emt 0:02:39]} O-O {[%emt 0:00:44]} 7. Nc3 {[%emt 0:02:47]} Ne4 {[%emt 0:01:05]} 8. Bd2 {[%emt 0:10:01]} Bf6 {[%emt 0:02:26] LiveBook: 692 Games} 9. Be1 {[%emt 0:06:52]} d5 {[%emt 0:07:30]} 10. Qc2 {[%emt 0:08:44]} Nd6 {[%emt 0:06:57]} 11. cxd5 $14 {[%emt 0:20:26]} exd5 {[%emt 0:00:07]} 12. Ne5 {[%emt 0:00:20]} c6 {[%emt 0:08:00]} 13. Bd2 {[%emt 0:06:15]} Bxe5 {[%emt 0:10:18]} 14. dxe5 {[%emt 0:00:06]} Nc4 {[%emt 0:00:04]} 15. f4 {[%emt 0:02:52]} f6 {[%emt 0:03:10]} 16. exf6 {[%emt 0:05:21]} Qxf6 {[%emt 0:00:08]} 17. e4 {[%emt 0:00:26]} Qd4+ {[%emt 0:05:14]} 18. Rf2 {[%emt 0:01:53]} Na6 {[%emt 0:00:24]} 19. Rd1 {[%emt 0:14:44]} Nb4 {[%emt 0:19:59]} 20. Qb1 {[%emt 0:00:37]} Qd3 {[%emt 0:10:26]} 21. exd5 {[%emt 0:02:56]} cxd5 {[%emt 0:01:22]} 22. Be1 {[%emt 0:02:11]} Qxb1 {[%emt 0:00:31]} 23. Nxb1 {[%emt 0:05:26]} a5 {[%emt 0:03:18]} 24. Bxb4 {[%emt 0:02:19]} axb4 {[%emt 0:00:12]} 25. Bxd5+ {[%emt 0:00:26]} Bxd5 {[%emt 0:00:06]} 26. Rxd5 {[%emt 0:00:04]} Rxa2 {[%emt 0:00:19]} 27. Rd4 {[%emt 0:01:12]} Rc8 {[%emt 0:01:54]} 28. b3 {[%emt 0:00:32]} Ra1 {[%emt 0:01:04]} 29. bxc4 {[%emt 0:00:14]} Rxb1+ {[%emt 0:00:07]} 30. Rf1 {[%emt 0:00:08]} Rxf1+ {[%emt 0:01:58]} 31. Kxf1 {[%emt 0:00:01]} Rc5 {[%emt 0:00:28]} 32. Ke2 {[%emt 0:00:42]} b5 {[%emt 0:00:32]} 33. cxb5 {[%emt 0:01:28]} Rxb5 {[%emt 0:00:05]} 34. Kd2 {[%emt 0:00:34]} b3 {[%emt 0:03:23]} 35. Kc1 {[%emt 0:00:01]} Rc5+ {[%emt 0:03:13]} 36. Kb2 {[%emt 0:00:48]} Rc2+ {[%emt 0:00:04]} 37. Kxb3 {[%emt 0:00:04]} Rxh2 {[%emt 0:00:04]} 38. Kc4 {[%emt 0:00:25]} Rg2 {[%emt 0:00:46]} 39. Rd3 {[%emt 0:00:14]} Kf7 {[%emt 0:00:20]} 40. Kd4 {[%emt 0:00:11]} Re2 {[%emt 0:15:23]} 1/2-1/2

[Event "CZE-ch Open 2018"]
[Site "Ostrava"]
[Date "2018.05.06"]
[Round "9"]
[White "Lechtynsky, Jiri"]
[Black "Malik, Jan"]
[Result "1/2-1/2"]
[WhiteElo "2349"]
[BlackElo "2284"]
[Annotator "NA"]
[PlyCount "57"]
[EventDate "2018.??.??"]
[EventCountry "CZE"]
[SourceTitle "playchess.com"]
[Source "ChessBase"]
[SourceQuality "1"]
[TimeControl "40/5400+30:900+30"]

1. Nf3 {[%emt 0:00:00]} d5 {[%emt 0:00:07]} 2. d4 {[%emt 0:00:00]} Nf6 {[%emt 0:00:09]} 3. c4 {[%emt 0:00:00]} c6 {[%emt 0:00:12]} 4. Qc2 {[%emt 0:03:20]} g6 {[%emt 0:03:53]} 5. Bf4 {[%emt 0:01:06]} Bg7 {[%emt 0:01:55]} 6. e3 {[%emt 0:00:26]} O-O {[%emt 0:08:09]} 7. Nc3 {[%emt 0:11:40]} Na6 {[%emt 0:00:09]} 8. a3 {[%emt 0:01:53] D93: Grünfeld: 4 Nf3 Bg7 5 Bf4 0-0 6 e3} (8. cxd5 Nb4 9. Qb3 Nbxd5 10. Be5 Qb6 11. Bc4 Qxb3 12. Bxb3 Nxc3 13. bxc3 Ne4 14. Rc1 b6 15. Bxg7 Kxg7 16. Ne5 {½-½ (40) Fridman,D (2637)-Malakhatko,V (2536) Karlsruhe 2018}) 8... c5 {[%emt 0:00:54] LiveBook: 9 Games} 9. cxd5 {[%emt 0:01:32]} cxd4 {[%emt 0:00:35]} 10. Nxd4 $146 {[%emt 0:00:40]} ({Predecessor:} 10. exd4 Nxd5 11. Nxd5 Qxd5 12. Bc4 Qa5+ 13. Qd2 Qxd2+ 14. Kxd2 {1-0 (43) Jakobsen,O (2389)-Hector,J (2515) Malmo 2003}) 10... Nxd5 {[%emt 0:00:42]} 11. Bg3 {[%emt 0:05:34]} Nxc3 {[%emt 0:20:10]} 12. Qxc3 {[%emt 0:01:32]} Qb6 {[%emt 0:00:39]} 13. Be2 {[%emt 0:10:03]} Nc5 {[%emt 0:04:27]} 14. f3 {[%emt 0:03:29]} Ne6 {[%emt 0:02:15]} 15. Rd1 {[%emt 0:01:18]} Nxd4 {[%emt 0:00:44]} 16. exd4 {[%emt 0:00:02]} Bf5 {[%emt 0:00:37]} 17. Bc7 {[%emt 0:06:43]} Qf6 {[%emt 0:00:37]} 18. Qe3 {[%emt 0:04:17]} Rac8 {[%emt 0:02:39]} 19. Be5 {[%emt 0:00:37]} Qb6 {[%emt 0:00:51]} 20. Bxg7 {[%emt 0:00:26]} Kxg7 {[%emt 0:00:07]} 21. Rd2 {[%emt 0:03:43]} Rfe8 {[%emt 0:07:25]} (21... Rc1+ $17 22. Bd1 Rd8) 22. Kf2 {[%emt 0:01:20]} Qd6 {[%emt 0:06:08]} 23. g4 {[%emt 0:03:41]} Bd7 {[%emt 0:01:04]} 24. h4 {[%emt 0:00:07]} Qe6 {[%emt 0:05:18]} 25. Qxe6 {[%emt 0:02:54]} Bxe6 $11 {[%emt 0:00:07]} 26. d5 {[%emt 0:00:08]} Bd7 {[%emt 0:00:27]} 27. Re1 {[%emt 0:01:23]} Rc5 {[%emt 0:04:01]} 28. Bf1 {[%emt 0:02:47]} Kf8 {[%emt 0:00:27]} 29. Re4 {[%emt 0:04:37]} 1/2-1/2

[Event "CZE-ch Open 2018"]
[Site "Ostrava"]
[Date "2018.05.06"]
[Round "9"]
[White "Hausner, Ivan"]
[Black "Mladek, Richard"]
[Result "0-1"]
[WhiteElo "2334"]
[BlackElo "2136"]
[Annotator "NA"]
[PlyCount "83"]
[EventDate "2018.??.??"]
[EventCountry "CZE"]
[SourceTitle "playchess.com"]
[Source "ChessBase"]
[SourceQuality "1"]
[TimeControl "40/5400+30:900+30"]

1. Nf3 {[%emt 0:00:00]} Nf6 {[%emt 0:00:06]} 2. g3 {[%emt 0:00:00]} g6 {[%emt 0:00:04]} 3. Bg2 {[%emt 0:00:00]} Bg7 {[%emt 0:00:05]} 4. c4 {[%emt 0:00:00]} O-O {[%emt 0:00:06]} 5. O-O {[%emt 0:00:17]} d6 {[%emt 0:00:09]} 6. Nc3 {[%emt 0:00:13]} Nc6 {[%emt 0:00:42]} 7. d4 {[%emt 0:00:15]} a6 {[%emt 0:00:22]} 8. d5 {[%emt 0:02:57]} Na5 {[%emt 0:00:22]} 9. Nd2 {[%emt 0:00:05]} c5 {[%emt 0:01:19]} 10. Qc2 {[%emt 0:00:17]} b5 {[%emt 0:01:06]} 11. cxb5 {[%emt 0:00:41] E66: King's Indian: Fianchetto: 6...c5 7 0-0 Nc6 8 d5} axb5 {[%emt 0:00:07]} 12. Nxb5 {[%emt 0:00:10]} Qb6 {[%emt 0:00:10]} 13. Nc3 {[%emt 0:00:06]} Bf5 {[%emt 0:00:30] LiveBook: 15 Games} 14. e4 {[%emt 0:00:13]} (14. Qd1) 14... Bc8 {[%emt 0:03:05]} 15. Re1 {[%emt 0:00:17]} Ng4 {[%emt 0:04:43]} 16. Nf1 $146 {[%emt 0:00:36]} ({Predecessor:} 16. h3 Ne5 17. Bf1 Ba6 18. Kg2 Bxf1+ 19. Nxf1 {½-½ (50) Freisler,P (2278)-Hansch,K (2239) Pardubice 2015}) 16... Ba6 {[%emt 0:03:45]} 17. Ne3 {[%emt 0:01:13]} Ne5 {[%emt 0:02:22]} 18. Rd1 {[%emt 0:00:16]} c4 {[%emt 0:08:49]} 19. Bd2 {[%emt 0:00:52]} Rfc8 {[%emt 0:02:36]} 20. Ne2 {[%emt 0:04:28] [#]} ({White should try} 20. h3 $11) 20... Nb3 $1 {[%emt 0:02:19]} 21. Rab1 {[%emt 0:00:22]} Nxd2 {[%emt 0:01:35]} 22. Rxd2 {[%emt 0:02:25]} Nd3 {[%emt 0:03:13]} 23. Nc3 {[%emt 0:00:22]} Rab8 {[%emt 0:01:50]} 24. Ned1 {[%emt 0:06:35]} Bd4 {[%emt 0:05:03]} 25. Re2 {[%emt 0:00:49]} Rc7 {[%emt 0:04:27]} 26. h3 {[%emt 0:02:09]} Rcb7 {[%emt 0:02:41]} 27. Bf1 {[%emt 0:12:13]} h5 {[%emt 0:05:05]} 28. h4 {[%emt 0:02:16]} Rc7 {[%emt 0:01:32]} 29. Bh3 {[%emt 0:00:11]} Be5 {[%emt 0:02:04]} 30. Kh2 {[%emt 0:02:48]} Qd4 {[%emt 0:01:43]} 31. Qd2 {[%emt 0:10:36]} Rcb7 {[%emt 0:01:47]} 32. Bf1 {[%emt 0:00:19]} Qc5 {[%emt 0:09:53]} 33. Kg2 {[%emt 0:04:04]} Qa5 {[%emt 0:00:38]} 34. Qe3 {[%emt 0:01:17]} Bxc3 {[%emt 0:03:28]} 35. Nxc3 $15 {[%emt 0:00:06]} Nxb2 {[%emt 0:00:52]} 36. e5 {[%emt 0:00:51]} Nd3 {[%emt 0:01:04]} 37. Rxb7 {[%emt 0:00:07]} Bxb7 {[%emt 0:01:14]} 38. exd6 {[%emt 0:01:40]} Qxc3 {[%emt 0:02:04]} 39. Qa7 {[%emt 0:02:11]} Bxd5+ {[%emt 0:02:26]} 40. Kg1 {[%emt 0:00:08]} Rb1 {[%emt 0:23:04]} 41. dxe7 {[%emt 0:15:28]} Rxf1+ {[%emt 0:00:15]} 42. Kh2 0-1

[Event "CZE-ch Open 2018"]
[Site "Ostrava"]
[Date "2018.05.06"]
[Round "9"]
[White "Michenka, Jozef"]
[Black "Toman, Jaroslav"]
[Result "0-1"]
[WhiteElo "2328"]
[BlackElo "2233"]
[Annotator "NA"]
[PlyCount "75"]
[EventDate "2018.??.??"]
[EventCountry "CZE"]
[SourceTitle "playchess.com"]
[Source "ChessBase"]
[SourceQuality "1"]
[TimeControl "40/5400+30:900+30"]

1. d4 {[%emt 0:00:00]} g6 {[%emt 0:00:06]} 2. e4 {[%emt 0:00:00]} d6 {[%emt 0:00:11]} 3. c4 {[%emt 0:00:00]} Nf6 {[%emt 0:00:09]} 4. Nc3 {[%emt 0:00:07]} Bg7 {[%emt 0:00:03]} 5. Nf3 {[%emt 0:00:12]} O-O {[%emt 0:00:10]} 6. h3 {[%emt 0:00:29]} c5 {[%emt 0:03:04]} 7. d5 {[%emt 0:00:06]} e6 {[%emt 0:03:37]} 8. Bd3 {[%emt 0:00:05]} exd5 {[%emt 0:03:17]} 9. exd5 {[%emt 0:00:06]} Re8+ {[%emt 0:05:27]} 10. Be3 {[%emt 0:00:16]} Nh5 {[%emt 0:13:23]} 11. O-O {[%emt 0:02:01] LiveBook: 83 Games} Ng3 {[%emt 0:02:08]} (11... Nd7 $14) 12. Re1 {[%emt 0:01:16]} ({Resist} 12. fxg3 $6 Rxe3 13. Qd2 Bh6 $14) 12... Nf5 {[%emt 0:00:29] [#]} 13. Bg5 {[%emt 0:03:27]} (13. Bf4 $1 $18) 13... Rxe1+ {[%emt 0:10:02]} 14. Qxe1 {[%emt 0:00:08]} f6 {[%emt 0:00:05]} 15. Bf4 {[%emt 0:00:48]} Nh6 {[%emt 0:01:44]} 16. Qe3 $16 {[%emt 0:22:07]} Nf7 {[%emt 0:00:18]} 17. Re1 {[%emt 0:00:43]} Bd7 {[%emt 0:04:44]} 18. Ne4 {[%emt 0:04:54]} Qf8 {[%emt 0:03:33]} 19. b4 {[%emt 0:33:17]} b6 {[%emt 0:06:14]} 20. bxc5 {[%emt 0:02:16]} bxc5 {[%emt 0:01:11]} 21. Bxd6 {[%emt 0:17:49]} Nxd6 {[%emt 0:00:51]} 22. Nxc5 {[%emt 0:00:02]} Bc8 {[%emt 0:19:17]} 23. Nd4 {[%emt 0:07:36]} Na6 {[%emt 0:06:04]} 24. Nce6 {[%emt 0:03:30]} Qf7 {[%emt 0:00:03]} 25. c5 {[%emt 0:00:42]} Nxc5 {[%emt 0:06:33]} 26. Nxc5 {[%emt 0:00:02]} Qxd5 {[%emt 0:00:07]} 27. Rc1 {[%emt 0:00:37]} Bh6 {[%emt 0:04:09]} 28. Qxh6 {[%emt 0:00:43]} Qxd4 {[%emt 0:00:08]} 29. Bxg6 {[%emt 0:00:18]} hxg6 {[%emt 0:00:19]} 30. Qxg6+ {[%emt 0:00:12]} Kf8 {[%emt 0:00:28]} 31. Qh6+ {[%emt 0:00:01]} Kg8 {[%emt 0:01:01]} 32. Qg6+ {[%emt 0:00:04]} Kf8 {[%emt 0:00:19]} 33. Qh6+ {[%emt 0:01:08]} Kg8 {[%emt 0:00:06]} 34. Nb3 {[%emt 0:00:00]} Qd5 {[%emt 0:03:03]} 35. Qg6+ {[%emt 0:01:36]} Kf8 {[%emt 0:00:08]} 36. Qh6+ {[%emt 0:00:47]} Kg8 {[%emt 0:00:01]} 37. Qg6+ {[%emt 0:00:30]} Kf8 {[%emt 0:00:00]} 38. Qxf6+ {[%emt 0:00:00]} 0-1